00535nai a2200157Ia 4500003000900000008004100009022002200050022002300072040001600095245003900111260003400150310001400184362002600198521006900224856008400293IN-BaIIA211028c9999 xx s 000 0 eng d a0012-155X (Print) a1467-7660 (Online) cIIA Library 0aDevelopment And Changeh[eJournal] aNew JerseybJohn Wiley & Sons aBimonthly a28(1); 1997 - Present bSubscribed through National Knowledge Resource Consortium (NKRC) uhttps://onlinelibrary.wiley.com/journal/14677660yClick Here to Access eJournal